Historia 1 /

Guardado en:
Autor Principal: Ibañez, José Cosmelli
Formato: Libro
Publicado: Argentina : Troquel, 1980
Etiquetas: Agregar Etiqueta
Sin Etiquetas, Sea el primero en etiquetar este registro!
LEADER 00479nam a22001575a 4500
001 CEM.cems003384
005 19000101000000.0
008 130507s1980##################000#0#####d
003 CEMS
082 0 4 |a 930 
100 1 |a Ibañez, José Cosmelli 
245 1 0 |a Historia 1 /  |c José Cosmelli Ibañez 
260 |a Argentina :  |b Troquel,  |c 1980 
300 |a 438 p.1 
859 |a CEMS  |b BIB. CEMS - 11 de abril  |h 930  |i Ib1-2  |p 7608.80  |t Ej.2 
859 |a CEMS  |b BIB. CEMS - 11 de abril  |h 930  |i Ib1-2  |p 8167.80  |t Ej.1